AGRICULTURAL KNOWLEDGE AT A GLANCE (Record no. 290269)

MARC details
000 -LEADER
fixed length control field 00409pam a2200157a 44500
008 - FIXED-LENGTH DATA ELEMENTS--GENERAL INFORMATION
fixed length control field 230405s2006 xxu||||| |||| 00| 0 eng d
041 ## - LANGUAGE CODE
Language code of text/sound track or separate title ENG
100 ## - MAIN ENTRY--PERSONAL NAME
Personal name CHAVAN U D
245 ## - TITLE STATEMENT
Title AGRICULTURAL KNOWLEDGE AT A GLANCE
250 ## - EDITION STATEMENT
Edition statement 1 Ed.
260 ## - PUBLICATION, DISTRIBUTION, ETC.
Place of publication, distribution, etc. PUNE
Name of publisher, distributor, etc. SAN PUB
Date of publication, distribution, etc. 2006
300 ## - PHYSICAL DESCRIPTION
Extent 330p.
440 ## - SERIES STATEMENT/ADDED ENTRY--TITLE
Title BHARATI MADHYVARTI SAHKARI GRAHAK BHANDR, PUNE, B-813343
700 ## - ADDED ENTRY--PERSONAL NAME
Personal name BHOITE U Y
906 ## - LOCAL DATA ELEMENT F, LDF (RLIN)
a 1391
Holdings
Withdrawn status Lost status Damaged status Not for loan Collection Home library Current library Date acquired Total Checkouts Barcode Date last seen Price effective from Koha item type Shelving location
          Loknete Mohanrao Kadam College of Agriculture, Kadegaon, Sangli Loknete Mohanrao Kadam College of Agriculture, Kadegaon, Sangli 31/01/2008   AGK-2478 17/04/2023 17/04/2023 Book  
          Loknete Mohanrao Kadam College of Agriculture, Kadegaon, Sangli Loknete Mohanrao Kadam College of Agriculture, Kadegaon, Sangli 31/01/2008   AGK-2477 17/04/2023 17/04/2023 Book  
          Loknete Mohanrao Kadam College of Agriculture, Kadegaon, Sangli Loknete Mohanrao Kadam College of Agriculture, Kadegaon, Sangli 31/01/2008   AGK-2476 17/04/2023 17/04/2023 Book  
          Loknete Mohanrao Kadam College of Agriculture, Kadegaon, Sangli Loknete Mohanrao Kadam College of Agriculture, Kadegaon, Sangli 31/01/2008   AGK-2475 17/04/2023 17/04/2023 Book  
          Loknete Mohanrao Kadam College of Agriculture, Kadegaon, Sangli Loknete Mohanrao Kadam College of Agriculture, Kadegaon, Sangli 31/01/2008   AGK-2474 17/04/2023 17/04/2023 Book